Internet working with TCP/IP: V.II: Designing pk, Inter. (Record no. 61)

MARC details
000 -LEADER
fixed length control field 00399nam a22001577a 4500
005 - DATE AND TIME OF LATEST TRANSACTION
control field 20160426164811.0
008 - FIXED-LENGTH DATA ELEMENTS--GENERAL INFORMATION
fixed length control field 160426b xxu||||| |||| 00| 0 eng d
020 ## - INTERNATIONAL STANDARD BOOK NUMBER
ISBN 81-203-0927-8
041 ## - LANGUAGE CODE
Language code of text/sound track or separate title eng
082 ## - DEWEY DECIMAL CLASSIFICATION NUMBER
Item number 00182
100 ## - MAIN ENTRY--AUTHOR NAME
Personal name Comr. Douglas E.
245 ## - TITLE STATEMENT
Title Internet working with TCP/IP: V.II: Designing pk, Inter.
260 ## - PUBLICATION, DISTRIBUTION, ETC. (IMPRINT)
Place of publication New Delhi
Name of publisher PHI Pvt Ltd.
Year of publication 2001
300 ## - PHYSICAL DESCRIPTION
Number of Pages 612
942 ## - ADDED ENTRY ELEMENTS (KOHA)
Koha item type Books
Holdings
Lost status Damaged status Collection code Home library Current library Shelving location Date acquired Cost, normal purchase price Full call number Accession Number Koha item type
    CS/IT JRU Library JRU Library SHELF-52-J 26/04/2016 225.00 004.67 00182 Books